000 00339nam a2200133Ia 4500
008 240624s9999 xx 000 0 und d
041 _aeng
082 _a302.23068 ICF
100 _aICFAI
245 _aMEDIA MANAGEMENT EMERGING TRENDS
260 _c2003
_aHyderabad
_bICFAI press
300 _aviii, , 173 , 23 : p. : cm.
365 _cRS
_b50
999 _c6620
_d6620